|
|
|
|
| LEADER |
01597njm a2200385 a 4500 |
| 001 |
001121126 |
| 003 |
CZ BrMZK |
| 005 |
20101104120735.0 |
| 007 |
sd fsngnnmmned |
| 008 |
101011s2010 xr jzn ? g cze d |
| 024 |
3 |
|
|a 741941079426
|
| 028 |
0 |
1 |
|a 31 0794-2 531
|b Multisonic
|
| 040 |
|
|
|a BOA001
|b cze
|
| 041 |
0 |
|
|d cze
|d eng
|g cze
|g eng
|
| 072 |
|
7 |
|a 78.03
|x Vývojová období v dějinách hudby
|2 Konspekt
|9 9
|
| 080 |
|
|
|a 78.036.9:784.7
|2 MRF
|
| 080 |
|
|
|a (086.76)
|2 MRF
|
| 100 |
1 |
|
|a Koubková, Jana,
|d 1944-
|7 jn19990209397
|4 sng
|
| 245 |
1 |
0 |
|a Jana Koubková 65
|h [zvukový záznam]
|
| 260 |
|
|
|a Praha :
|b Multisonic,
|c p2010
|
| 300 |
|
|
|a 1 zvuková deska :
|b digital ;
|c 12 cm
|
| 490 |
1 |
|
|a Jazz na Hradě =
|a Jazz at Prague Castle ;
|v 2009
|
| 500 |
|
|
|a Kompaktní deska
|
| 500 |
|
|
|a česky a anglicky
|
| 500 |
|
|
|a Poznámka Ondřej Bezr česky a anglicky
|
| 505 |
0 |
0 |
|t Úvod - prezident Václav Klaus --
|t Vážený pane prezidente --
|t Bluesová dvanáctka --
|t Černej chlap --
|t Summertime --
|t Solitude --
|t Children's song 3 --
|t Sounds of angels --
|t Impression Espagnol --
|t Tanec pro Elišku --
|t Afro blues --
|t Hradní disco --
|t Pandala
|
| 511 |
0 |
|
|a Jana Koubková, zpěv a další
|
| 518 |
|
|
|a Záznam koncertu pořádaném Správou Pražského hradu
|
| 650 |
0 |
7 |
|a jazzové písně
|7 ph224371
|y 2001-2010
|2 czenas
|
| 655 |
|
7 |
|a kompaktní desky
|7 fd201991
|2 czenas
|
| 830 |
|
0 |
|a Jazz na Hradě
|0 s
|
| 910 |
2 |
|
|a BOA001
|b CDR-1250.034
|
| 990 |
|
|
|a AV
|
| 991 |
|
|
|b 201011
|
| 996 |
6 |
|
|b 2610449457
|c CDR-1250.034
|l MZK
|r Sklad / do 24 hodin
|n 0
|p p.v.
|w 001149247
|u 000010
|a 1
|e BOA001
|j MZK50
|s P
|